Gaming Quiz

Random Gaming or Mario Quiz

Mario Games Released in 1999 Quiz Stats

 Plays Quiz not verified by Sporcle

Support Sporcle.
Go Orange.
Score 0/8 Timer 01:30
0 Plays Today
System Game % Correct
Nintendo 64Mario Party 2
66.7%
Nintendo 64Super Smash Bros.
50%
Nintendo 64Mario Golf
50%
Game Boy ColorMario Golf
50%
Game Boy ColorSuper Mario Bros. Deluxe
33.3%
Game Boy ColorGame & Watch Gallery 3
16.7%
Nintendo 64Donkey Kong 64
16.7%
Nintendo 64/ Nintendo 64 Disk DriveMario Artist: Paint Studio
0%

You're not logged in!

Compare scores with friends on all Sporcle quizzes.
OR
Log In

From the Vault

Turkish Borders Minefield

by triviauser15

This quiz taught us that we have no idea what countries border Turkey. What will it teach you?
Remove Ads.
Support Sporcle.
Get the best of Sporcle when you Go Orange. This ad-free experience offers more features, more stats, and more fun while also helping to support Sporcle. Thank you for becoming a member.

Show Comments

Extras

Created Feb 2, 2013ReportNominate
Tags:Mario Quiz, 1999, Released, System

Top Quizzes Today


Score Distribution

Your Account Isn't Verified!

In order to create a playlist on Sporcle, you need to verify the email address you used during registration. Go to your Sporcle Settings to finish the process.

Report this User

Report this user for behavior that violates our Community Guidelines.

Details: